mysqli: Table './ulib62015/stat_globaluid' is marked as crashed and should be repaired
select id from stat_globaluid where statuid='20260517170535_2525'
mysqli: Table './ulib62015/stat_globaluid' is marked as crashed and should be repaired
DELETE FROM stat_globaluid
WHERE id NOT IN (
SELECT id
FROM (
SELECT id
FROM stat_globaluid
ORDER BY id DESC
LIMIT 100
) foo
);
mysqli: Table './ulib62015/stat_globaluid' is marked as crashed and should be repaired
insert into stat_globaluid set
statuid='20260517170535_2525',
dt='1779012335',
phpself='/ULIB62015/dublinfull.php',
agent='Mozilla/5.0 AppleWebKit/537.36 (KHTML, like Gecko; compatible; ClaudeBot/1.0; +claudebot@anthropic.com)',
yea='2026',
mon='5',
dat='17',
ip='216.73.216.45'
mysqli: Table './ulib62015/stathist_viewbib_bib_type' is marked as crashed and should be repaired
insert into stathist_viewbib_bib_type set
dat='17' ,
mon='05' ,
yea='2026' ,
statuid='20260517170535_2525' ,
head='13399120128' ,
foot='marc' ,
dt='1779012335'
| LEADER : 00000nam 2200000uu 4500 |
| 001 13399120128 |
| 003 ULIB |
| 008 121024s||||||||th 000 0 tha d |
| 020 ^a978169110309
|
| 050 4 ^aBQ5798^bพ876
|
| 100 0 ^aเพชรภี ปิ่นแก้ว
|
| 245 10 ^a3 กิเลส 7 อริยะ เคล็ดลับกำจัดกิเลสให้เด็ดขาด /^cเพชรภี ปิ่นแก้ว
|
| 250 ^aพิมพ์ครั้งแรก
|
| 300 ^a192 หน้า
|
| 650 7 ^aพุทธศาสนา
|
| 945 ^p119^l0^i018375 |
| 999 ^aยมมะณา จันทร์ฉิม
|
| คุณยังไม่ได้ล็อกอิน คุณสามารถมีกิจกรรมร่วมกับเว็บไซต์ได้ แต่ต้องล็อกอินก่อน :: |
|
|
|
| ลำดับที่ |
ประเภท |
เลขเรียก/บาร์โค้ด |
สถานที่ |
สถานะ |
| 1. |
 หนังสือ | BQ5798 พ876 ฉ.1 Barcode: 018375 | หนังสือทั่วไป | บนชั้น ขอยืม |
รายการใกล้เคียง
หัวเรื่อง [พุทธศาสนา]
|
|
ยังไม่เคยถูกคอมเมนท์
|
| คอมเมนท์ทรัพยากรรายการนี้ |
|